[Event "XXVII. Rhein-Main-Open, Gruppe A"]
[Site "Bad Homburg vor der Höhe"]
[Date "2025.06.19"]
[Round "2.20"]
[White "Feick, Claas Marten"]
[Black "Musiienko, Platon"]
[Result "0-1"]
[WhiteElo "1918"]
[BlackElo "2018"]
[PlyCount "56"]
[GameId "535116227045"]
[EventDate "2025.06.18"]
[WhiteTeam "SF Neuberg"]
[BlackTeam "Wiesbadener SV 1885"]

1. e4 c5 2. c3 g6 3. d4 cxd4 4. cxd4 d5 5. e5 Bg7 6. Nf3 Nh6 7. Bb5+ Bd7 8. Bxd7+ Qxd7 9. O-O O-O 10. Re1 Nc6 11. Nbd2 Rac8 12. Nb3 b6 13. Bg5 f6 14. Bf4 g5 15. Bd2 Nf5 16. h3 h5 17. Qb1 fxe5 18. Nxe5 Nxe5 19. dxe5 g4 20. hxg4 hxg4 21. Qd3 Rc4 22. Rac1 Qc6 23. Bc3 e6 24. Nd2 g3 25. Nxc4 gxf2+ 26. Kxf2 dxc4 27. Qd2 Bh6 28. Qe2 Nd4+ 0-1

[Event "XXVII. Rhein-Main-Open, Gruppe A"]
[Site "Bad Homburg vor der Höhe"]
[Date "2025.06.19"]
[Round "2.21"]
[White "Derr, Oleg"]
[Black "Gao, Chenzhuo"]
[Result "1/2-1/2"]
[WhiteElo "2103"]
[BlackElo "1707"]
[PlyCount "125"]
[GameId "535116227046"]
[EventDate "2025.06.18"]
[WhiteTeam "VSG 1880 Offenbach"]
[BlackTeam "SC Rotenburg"]

1. e4 c6 2. d4 d5 3. e5 Bf5 4. Bd3 Bxd3 5. Qxd3 e6 6. Ne2 Qa5+ 7. c3 Qa6 8. Qd1 c5 9. Nd2 Nc6 10. Nf3 Nge7 11. O-O Rc8 12. a3 c4 13. Be3 Na5 14. g4 h5 15. gxh5 Rxh5 16. Ng3 Rh8 17. Ng5 g6 18. Qf3 Nf5 19. Nxf5 gxf5 20. Kh1 Nc6 21. Rg1 Ne7 22. Qg3 b5 23. Bf4 Qb6 24. Rg2 a5 25. h4 Bh6 26. Nf3 Bxf4 27. Qxf4 Ng6 28. Qg5 Qd8 29. Rh2 Qxg5 30. hxg5 Rxh2+ 31. Kxh2 Nf4 32. Kg3 Nd3 33. Rb1 b4 34. axb4 axb4 35. Ne1 bxc3 36. bxc3 Nxe1 37. Rxe1 Kf8 38. Kf4 Rb8 39. g6 fxg6 40. Kg5 Kg7 41. Ra1 Rb7 42. Ra6 Kf7 43. Ra8 Kg7 44. Re8 Kf7 45. Rh8 Kg7 46. Rh6 Rb1 47. Rxg6+ Kf7 48. Rf6+ Ke7 49. Rh6 Rg1+ 50. Kf4 Rg4+ 51. Ke3 Kf7 52. Rh7+ Rg7 53. Rh8 Rg1 54. Ra8 Rd1 55. Ra7+ Kf8 56. Kf4 Rg1 57. Rh7 Rg4+ 58. Kf3 Rg1 59. Ra7 Rg4 60. Ke3 Rg1 61. Ra8+ Kf7 62. Ra7+ Kf8 63. Rb7 1/2-1/2

[Event "XXVII. Rhein-Main-Open, Gruppe A"]
[Site "Bad Homburg vor der Höhe"]
[Date "2025.06.19"]
[Round "2.22"]
[White "Seidel, Andre"]
[Black "Fallouh, Philippe"]
[Result "1-0"]
[WhiteElo "2136"]
[BlackElo "1778"]
[PlyCount "61"]
[GameId "535116227047"]
[EventDate "2025.06.18"]
[WhiteTeam "SV Oberursel"]
[BlackTeam "SK Bad Homburg 1927"]

1. d4 Nf6 2. Nf3 g6 3. Nbd2 d6 4. e4 Bg7 5. Bc4 O-O 6. O-O c5 7. c3 Bg4 8. h3 Bd7 9. dxc5 dxc5 10. e5 Nh5 11. Ne4 Qc8 12. Qe2 Bh8 13. Bg5 Re8 14. Be3 Nc6 15. Nxc5 Nxe5 16. Nxe5 Bxe5 17. Nxd7 Bd6 18. b4 Qc7 19. Nc5 Rac8 20. Bb3 b6 21. Ne4 Be5 22. Rac1 Qc6 23. Ng5 e6 24. Qf3 Qc7 25. Ne4 Red8 26. Bg5 Rd7 27. Nf6+ Nxf6 28. Bxf6 Bf4 29. Rcd1 Bd2 30. Rxd2 Rxd2 31. Qe3 1-0

[Event "XXVII. Rhein-Main-Open, Gruppe A"]
[Site "Bad Homburg vor der Höhe"]
[Date "2025.06.19"]
[Round "2.23"]
[White "Sasikumar Anitha, Sarvesh"]
[Black "Özdemir, Ali Özden"]
[Result "1/2-1/2"]
[WhiteElo "1987"]
[BlackElo "2066"]
[PlyCount "95"]
[GameId "535116227048"]
[EventDate "2025.06.18"]
[WhiteTeam "SK 1858 Gießen"]
[BlackTeam "SK Langen"]

1. e4 c5 2. Nf3 Nc6 3. Bb5 e6 4. O-O Nge7 5. Re1 Nd4 6. Bf1 Nec6 7. c3 Nxf3+ 8. Qxf3 Be7 9. d3 O-O 10. Bf4 f5 11. Qd1 fxe4 12. Bg3 exd3 13. Bxd3 Rf7 14. Nd2 d5 15. Nf3 Bf6 16. Qc2 g6 17. Rad1 Qf8 18. h4 Bd7 19. h5 gxh5 20. Ne5 Nxe5 21. Bxe5 c4 22. Bf1 Qg7 23. Bxf6 Rxf6 24. Re3 Raf8 25. Rg3 Rg6 26. Rh3 Rf5 27. Qe2 Be8 28. Qe3 b6 29. b3 cxb3 30. axb3 Re5 31. Qd3 Rg4 32. c4 Bc6 33. g3 Ree4 34. Bg2 Rd4 35. Qe2 Rxd1+ 36. Qxd1 Qe5 37. Qc1 Be8 38. cxd5 exd5 39. Bf3 Rg5 40. Kg2 Kg7 41. Qc8 Qe7 42. Rh4 Re5 43. Qc3 Qf6 44. Rf4 Rf5 45. Qc7+ Qf7 46. Qc3+ Qf6 47. Qc7+ Qf7 48. Qc3+ 1/2-1/2

[Event "XXVII. Rhein-Main-Open, Gruppe A"]
[Site "Bad Homburg vor der Höhe"]
[Date "2025.06.19"]
[Round "2.24"]
[White "Milov, Leonid"]
[Black "Marchese, Gaspare"]
[Result "1-0"]
[WhiteElo "2404"]
[BlackElo "1869"]
[PlyCount "59"]
[GameId "535116227049"]
[EventDate "2025.06.18"]
[WhiteTeam "SC Noris-Tarrasch Nürnberg 1873"]
[BlackTeam "SC Matt im Park Ffm"]

1. c4 e5 2. g3 Nc6 3. Nc3 Nf6 4. Bg2 Bc5 5. e3 O-O 6. d3 d5 7. cxd5 Nb4 8. Nf3 Nbxd5 9. Nxe5 Re8 10. d4 Bb4 11. Bd2 Be6 12. O-O Bxc3 13. bxc3 c6 14. e4 Nb6 15. f4 Bc4 16. Re1 Nfd7 17. a4 Nxe5 18. fxe5 Qe7 19. a5 Nd7 20. Qh5 h6 21. g4 Rad8 22. Bc1 f6 23. exf6 Nxf6 24. Qh4 Nh7 25. Qg3 Ng5 26. h4 Ne6 27. g5 hxg5 28. hxg5 g6 29. Bh3 Qc7 30. Bxe6+ 1-0

[Event "XXVII. Rhein-Main-Open, Gruppe A"]
[Site "Bad Homburg vor der Höhe"]
[Date "2025.06.19"]
[Round "2.25"]
[White "Haack, Kevin"]
[Black "Schmitt, Clemens"]
[Result "1-0"]
[WhiteElo "2390"]
[BlackElo "1881"]
[PlyCount "45"]
[GameId "535116227050"]
[EventDate "2025.06.18"]
[WhiteTeam "SV 1920 Hofheim"]
[BlackTeam "SV Bergwinkel"]

1. c4 c5 2. Nc3 Nc6 3. g3 g6 4. Bg2 Bg7 5. a3 e6 6. b4 Nxb4 7. axb4 cxb4 8. d4 bxc3 9. e3 h5 10. Ne2 h4 11. Nxc3 hxg3 12. hxg3 Rxh1+ 13. Bxh1 Qc7 14. Nb5 Qb8 15. Qa4 a6 16. c5 f5 17. Qa5 Kf7 18. Nd6+ Ke7 19. Ba3 Nf6 20. Nxc8+ Qxc8 21. c6+ d6 22. cxb7 Qd8 23. Bxd6+ 1-0

[Event "XXVII. Rhein-Main-Open, Gruppe A"]
[Site "Bad Homburg vor der Höhe"]
[Date "2025.06.19"]
[Round "2.26"]
[White "Ottenburg, Ralph"]
[Black "Lesny, Florian"]
[Result "0-1"]
[WhiteElo "1962"]
[BlackElo "2230"]
[PlyCount "60"]
[GameId "535116227051"]
[EventDate "2025.06.18"]
[WhiteTeam "Sabt Frankfurter TV 1860"]
[BlackTeam "SF Hünstetten"]

1. c4 e6 2. g3 d5 3. Bg2 Nf6 4. Nf3 Be7 5. O-O O-O 6. b3 d4 7. d3 c5 8. e3 Nc6 9. Bb2 e5 10. exd4 exd4 11. h3 Re8 12. a3 a5 13. Re1 Bd6 14. Rxe8+ Qxe8 15. Nbd2 Bf5 16. Nf1 h6 17. Qd2 Qd7 18. Kh2 Ra6 19. Qc2 Bh7 20. N3d2 a4 21. Re1 Ne5 22. Ne4 Nxe4 23. dxe4 axb3 24. Qxb3 Bc7 25. f4 Ba5 26. Rd1 Rb6 27. Qc2 d3 28. Qc1 d2 29. Nxd2 Nd3 30. Qa1 Nxb2 0-1

[Event "XXVII. Rhein-Main-Open, Gruppe A"]
[Site "Bad Homburg vor der Höhe"]
[Date "2025.06.19"]
[Round "2.27"]
[White "Shanawaz Thabrez, Shahzaib"]
[Black "Reschke, Thomas"]
[Result "1/2-1/2"]
[WhiteElo "1884"]
[BlackElo "2067"]
[PlyCount "36"]
[GameId "535116227052"]
[EventDate "2025.06.18"]
[WhiteTeam "SK Langen"]
[BlackTeam "SC Frankfurt-West"]

1. e4 g6 2. d4 Bg7 3. Nf3 d6 4. Be3 a6 5. Nc3 b5 6. Bd3 Bb7 7. O-O Nd7 8. Nd2 c5 9. dxc5 Nxc5 10. f4 Qd7 11. f5 Nxd3 12. cxd3 Nf6 13. Qe2 Rc8 14. a3 gxf5 15. exf5 Rg8 16. Rae1 Bh8 17. Nce4 d5 18. Nc5 Qc7 1/2-1/2

[Event "XXVII. Rhein-Main-Open, Gruppe A"]
[Site "Bad Homburg vor der Höhe"]
[Date "2025.06.19"]
[Round "2.28"]
[White "Rabiya, Karim"]
[Black "Thomas, Tobias"]
[Result "0-1"]
[WhiteElo "1810"]
[BlackElo "2010"]
[PlyCount "84"]
[GameId "535116227053"]
[EventDate "2025.06.18"]
[WhiteTeam "SK Niederbrechen 1948"]
[BlackTeam "SK Langen"]

1. e4 c5 2. Nf3 e6 3. c3 Nf6 4. e5 Nd5 5. d4 cxd4 6. cxd4 d6 7. Bd2 Nd7 8. Nc3 Nxc3 9. Bxc3 Be7 10. exd6 Bxd6 11. d5 e5 12. Bb5 O-O 13. O-O f6 14. Qc2 Qe8 15. Rfe1 Qf7 16. Rad1 Nb6 17. Bd3 g6 18. h3 Bd7 19. g4 Rac8 20. Re4 Qg7 21. Kh1 Rfe8 22. Rg1 Kf8 23. Nh4 Qh6 24. g5 fxg5 25. Qd2 Bf5 26. Reg4 e4 27. Bb5 e3 28. Qd4 Be5 29. Bb4+ Kg7 30. Qxe3 gxh4 31. Bxe8 Qxe3 32. fxe3 Bxg4 33. Rxg4 Rxe8 34. d6 Rd8 35. Rxh4 Bxd6 36. Bc3+ Kg8 37. e4 Re8 38. Kg2 Na4 39. e5 Nxc3 40. exd6 Nb5 41. d7 Rd8 42. Rb4 Nd6 0-1

[Event "XXVII. Rhein-Main-Open, Gruppe A"]
[Site "Bad Homburg vor der Höhe"]
[Date "2025.06.19"]
[Round "2.29"]
[White "Fischer, Frederik"]
[Black "Fucik, Timo"]
[Result "1/2-1/2"]
[WhiteElo "1651"]
[BlackElo "1940"]
[PlyCount "57"]
[GameId "535116227054"]
[EventDate "2025.06.18"]
[WhiteTeam "SV Oberursel"]
[BlackTeam "SK 1926 Ettlingen"]

1. c4 e5 2. Nc3 Nf6 3. Nf3 Nc6 4. e3 Bb4 5. Qc2 O-O 6. a3 Bxc3 7. Qxc3 d6 8. d4 Bg4 9. dxe5 dxe5 10. Be2 e4 11. Nd4 Nxd4 12. Bxg4 Nxg4 13. exd4 c5 14. d5 Re8 15. Bf4 e3 16. Bxe3 Qd6 17. O-O-O Nxe3 18. fxe3 Re4 19. b3 Rae8 20. Rde1 b5 21. Kd2 Qa6 22. Rc1 Rxe3 23. Rhe1 R3e4 24. Rxe4 Rxe4 25. Re1 Rxe1 26. Kxe1 bxc4 27. bxc4 g6 28. Ke2 h5 29. h3 1/2-1/2

[Event "XXVII. Rhein-Main-Open, Gruppe A"]
[Site "Bad Homburg vor der Höhe"]
[Date "2025.06.19"]
[Round "2.30"]
[White "Martin, Reiner"]
[Black "Glavev, Danail"]
[Result "1-0"]
[WhiteElo "1969"]
[BlackElo "1655"]
[PlyCount "115"]
[GameId "535116227055"]
[EventDate "2025.06.18"]
[WhiteTeam "SC Bad Soden"]
[BlackTeam "SK Bad Homburg 1927"]

1. d4 d5 2. c4 e6 3. Nc3 Nf6 4. Bg5 Be7 5. cxd5 exd5 6. Qc2 h6 7. Bh4 c6 8. e3 O-O 9. Bd3 Be6 10. Nge2 Nh5 11. Bxe7 Qxe7 12. O-O Nd7 13. Rae1 c5 14. dxc5 Nxc5 15. Bf5 g6 16. Bxe6 Qxe6 17. Rd1 Rfd8 18. Rd4 Qc6 19. Rc1 Ne6 20. Rh4 Kg7 21. Qd2 Qd6 22. Nd4 Nxd4 23. Rxd4 Nf6 24. e4 Qb6 25. exd5 Rd6 26. Rd1 Rad8 27. Rh4 h5 28. Rd4 Qc5 29. h3 b5 30. b4 Qb6 31. g4 hxg4 32. hxg4 Rh8 33. g5 Ne8 34. Qf4 Qd8 35. Ne4 Rd7 36. d6 Qa8 37. f3 Qb8 38. Qe5+ Kg8 39. Nc5 Rd8 40. Qe7 Rh3 41. Kg2 Rh5 42. Ne4 Rh7 43. f4 f5 44. Qe6+ Kh8 45. Nf6 Nxf6 46. Qxf6+ Rg7 47. Rh1+ Kg8 48. Qe6+ Rf7 49. Qxg6+ Rg7 50. Qe6+ Rf7 51. g6 Rdd7 52. gxf7+ Rxf7 53. d7 Qa8+ 54. Kf2 Qxh1 55. d8=Q+ Kg7 56. Qg5+ Kh8 57. Rd8+ Kh7 58. Qxf7# 1-0

[Event "XXVII. Rhein-Main-Open, Gruppe A"]
[Site "Bad Homburg vor der Höhe"]
[Date "2025.06.19"]
[Round "2.31"]
[White "Griesfeller, Sven"]
[Black "Rotärmel, Leonie"]
[Result "1/2-1/2"]
[WhiteElo "1875"]
[BlackElo "1699"]
[PlyCount "88"]
[GameId "535116227056"]
[EventDate "2025.06.18"]
[WhiteTeam "Schachdrachen Büdingen-Wächtersb"]
[BlackTeam "SK Bad Homburg 1927"]

1. e4 e6 2. Qe2 e5 3. Nf3 Nc6 4. c3 g6 5. d4 exd4 6. cxd4 Bg7 7. Qd1 Qe7 8. Nc3 d5 9. e5 Qd8 10. Qb3 Nge7 11. Bg5 O-O 12. Bd3 f6 13. exf6 Bxf6 14. Bxf6 Rxf6 15. O-O-O Bg4 16. Be2 Rf4 17. Ne5 Bxe2 18. Nxe2 Rxf2 19. Qe3 Rf8 20. g4 Qd6 21. h4 Nxe5 22. dxe5 Qe6 23. h5 Qxg4 24. hxg6 Qc4+ 25. Kb1 Nxg6 26. Qh6 Qe4+ 27. Ka1 Rf7 28. Nc3 Qxe5 29. Rxd5 Qg7 30. Qh2 Raf8 31. Rdd1 Qe5 32. Qc2 c6 33. Rdg1 Qf5 34. Qe2 Qf3 35. Qe1 Rg7 36. Rf1 Qd3 37. Qe6+ Kh8 38. Rd1 Qf5 39. Qe1 Re7 40. Qg3 Ref7 41. Rdg1 Kg8 42. a3 a5 43. Nd1 Qf4 44. Qc3 Qf5 1/2-1/2

[Event "XXVII. Rhein-Main-Open, Gruppe A"]
[Site "Bad Homburg vor der Höhe"]
[Date "2025.06.19"]
[Round "2.32"]
[White "Rohatgi, Kushagra"]
[Black "Siegismund, Florian"]
[Result "1-0"]
[WhiteElo "1771"]
[BlackElo "1875"]
[PlyCount "105"]
[GameId "535116227057"]
[EventDate "2025.06.18"]
[WhiteTeam "SAbt TuS Makkabi Ffm"]
[BlackTeam "SK Bad Schwalbach"]

1. e4 c6 2. d4 d5 3. exd5 cxd5 4. Bd3 Nc6 5. c3 Nf6 6. Bf4 Bg4 7. Qb3 Qd7 8. Nd2 e6 9. Ngf3 Bd6 10. Bxd6 Qxd6 11. O-O O-O 12. Rfe1 Bxf3 13. Nxf3 Qc7 14. Qc2 Rab8 15. Ne5 Rfc8 16. Rac1 b5 17. Re3 g6 18. f4 Qb7 19. Qb1 b4 20. Rg3 Nxe5 21. fxe5 Nh5 22. Rf3 bxc3 23. bxc3 Qe7 24. Qc2 Qa3 25. Rf2 Rb6 26. Qd2 Rbc6 27. g4 Ng7 28. Qf4 Qe7 29. Rfc2 Ne8 30. Bb5 Rb6 31. Bd3 Qa3 32. Rf1 Rc7 33. Qf2 Rcb7 34. h3 Re7 35. Re1 Nc7 36. h4 Na8 37. h5 Re8 38. Rf1 Rb7 39. Qf4 Nb6 40. Qh6 Qf8 41. Qg5 Rc8 42. hxg6 hxg6 43. Rh2 Qg7 44. Rh6 Rd7 45. Bxg6 Rxc3 46. Bxf7+ Rxf7 47. Rg6 Rxf1+ 48. Kxf1 Rf3+ 49. Ke2 Rf7 50. Rxg7+ Rxg7 51. Qf6 Rf7 52. Qxe6 Na4 53. Qe8+ 1-0

[Event "XXVII. Rhein-Main-Open, Gruppe A"]
[Site "Bad Homburg vor der Höhe"]
[Date "2025.06.19"]
[Round "2.33"]
[White "Mandalka, Justus"]
[Black "Kappeler, Georg"]
[Result "1-0"]
[WhiteElo "2076"]
[BlackElo "1771"]
[PlyCount "147"]
[GameId "535116227058"]
[EventDate "2025.06.18"]
[WhiteTeam "SK Bad Homburg 1927"]
[BlackTeam "SK Marburg 1931/72"]

1. e4 c5 2. Nf3 d6 3. d4 cxd4 4. Nxd4 Nf6 5. Nc3 g6 6. Be3 Bg7 7. f3 O-O 8. Bc4 Nc6 9. Qd2 Nxd4 10. Bxd4 Be6 11. Bxe6 fxe6 12. O-O Nd7 13. Bxg7 Kxg7 14. Qd4+ Kg8 15. Qc4 Kf7 16. e5 Qb6+ 17. Kh1 d5 18. Qh4 h5 19. Rae1 Qc5 20. f4 Kg7 21. g4 Rh8 22. Rg1 Rh6 23. gxh5 Rah8 24. Na4 Rxh5 25. Nxc5 Rxh4 26. Nxe6+ Kf7 27. Ng5+ Ke8 28. Re2 Rxf4 29. Ne6 Re4 30. Rd2 Rxe5 31. Nc7+ Kf7 32. Nxd5 Nf6 33. Nf4 g5 34. Nd3 Rf5 35. Re2 Nd5 36. Rge1 Re8 37. Ne5+ Kf6 38. Ng4+ Kg6 39. Re6+ Kg7 40. c4 Nb6 41. Rxe7+ Rxe7 42. Rxe7+ Rf7 43. Rxf7+ Kxf7 44. b3 Ke6 45. Kg2 Kf5 46. Kf3 Nd7 47. h3 a5 48. Ne3+ Ke5 49. Kg4 Kf6 50. Nd5+ Kg6 51. Ne7+ Kf6 52. Nd5+ Kg6 53. Nc3 Ne5+ 54. Kg3 Kf5 55. Nb5 Ke6 56. Nd4+ Kf6 57. a3 Ng6 58. Nf3 Kf5 59. Nd2 Nf4 60. b4 axb4 61. axb4 Nd3 62. b5 b6 63. Nb3 Ke5 64. Kf3 Nf4 65. Kg4 Ne6 66. Kf3 Nf4 67. Kg3 Ne6 68. Kg4 Nf4 69. c5 bxc5 70. b6 Kd6 71. b7 Kc7 72. Nxc5 Kb8 73. h4 Ng6 74. Kxg5 1-0

[Event "XXVII. Rhein-Main-Open, Gruppe A"]
[Site "Bad Homburg vor der Höhe"]
[Date "2025.06.19"]
[Round "2.34"]
[White "McAdam, Mark"]
[Black "Gerhard, Dominik"]
[Result "1-0"]
[WhiteElo "2008"]
[BlackElo "1795"]
[PlyCount "71"]
[GameId "535116227059"]
[EventDate "2025.06.18"]
[WhiteTeam "SC Brett vorm Kopp Ffm"]
[BlackTeam "SV Oberursel"]

1. d4 Nf6 2. c4 g6 3. g3 c6 4. Bg2 d5 5. Nf3 Bg7 6. O-O O-O 7. Nc3 dxc4 8. e4 b5 9. Re1 Bb7 10. e5 Nd5 11. Ne4 Nd7 12. e6 f5 13. Neg5 N7f6 14. Ne5 Qc8 15. h4 c5 16. dxc5 Qxc5 17. Nd7 Nxd7 18. exd7 e5 19. Ne6 Qd6 20. Nxg7 Kxg7 21. Bg5 h6 22. d8=Q Raxd8 23. Bxd8 Rxd8 24. a4 b4 25. Qc2 Qc7 26. h5 e4 27. hxg6 Kxg6 28. Rad1 Rc8 29. g4 Nf4 30. gxf5+ Kg5 31. Bxe4 Bxe4 32. Qxe4 Nh3+ 33. Kf1 Qh2 34. Qe7+ Kh5 35. Qf7+ Kg4 36. Rd4+ 1-0

[Event "XXVII. Rhein-Main-Open, Gruppe A"]
[Site "Bad Homburg vor der Höhe"]
[Date "2025.06.19"]
[Round "2.35"]
[White "Schmidt, Kai-Uwe"]
[Black "Hasenpflug, Till"]
[Result "0-1"]
[WhiteElo "1989"]
[BlackElo "1810"]
[PlyCount "86"]
[GameId "535116227060"]
[EventDate "2025.06.18"]
[WhiteTeam "SC Pirmasens 1912"]
[BlackTeam "SK Bad Homburg 1927"]

1. d4 d5 2. Nf3 Nf6 3. c4 dxc4 4. Qa4+ Nc6 5. Nc3 e6 6. Qxc4 Bb4 7. Bd2 O-O 8. e3 Qe7 9. a3 Bxc3 10. Bxc3 Rd8 11. Rc1 Nd5 12. Be2 Bd7 13. Bd2 Be8 14. Qc5 Qxc5 15. Rxc5 Rac8 16. O-O Nce7 17. Rfc1 b6 18. R5c2 Ba4 19. Ba6 Rb8 20. b3 Bxb3 21. Rb2 Ba4 22. e4 Nf6 23. Rxc7 Nc6 24. Ng5 Rxd4 25. f3 h6 26. Nh3 Ne8 27. Rc8 Rxc8 28. Bxc8 Nd6 29. Ba6 b5 30. Bb4 Rd1+ 31. Kf2 Nc4 32. Ra2 Nd4 33. Bc3 Bb3 34. Ra1 Rxa1 35. Bxa1 Nc2 36. Bc3 N4xa3 37. Nf4 Bc4 38. Nh5 f6 39. Bc8 b4 40. Bb2 a5 41. e5 f5 42. Bd7 Nb5 43. Nf4 a4 0-1

[Event "XXVII. Rhein-Main-Open, Gruppe A"]
[Site "Bad Homburg vor der Höhe"]
[Date "2025.06.19"]
[Round "2.36"]
[White "Faqiry, Ramat"]
[Black "Mallmann, Bernd"]
[Result "1-0"]
[WhiteElo "1985"]
[BlackElo "1855"]
[PlyCount "59"]
[GameId "535116227061"]
[EventDate "2025.06.18"]
[WhiteTeam "SK Bad Homburg 1927"]
[BlackTeam "Schulschach IGS Trier e.V."]

1. d4 e6 2. c4 Nf6 3. Nc3 c5 4. d5 d6 5. e4 Be7 6. f4 O-O 7. Nf3 Na6 8. a3 Nc7 9. Bd3 a6 10. Qc2 b6 11. O-O exd5 12. cxd5 b5 13. b3 Bb7 14. Bb2 Rc8 15. Qe2 Re8 16. Rae1 Bf8 17. Qd2 Qd7 18. h3 Qd8 19. Bb1 b4 20. axb4 cxb4 21. Na4 a5 22. Nb6 Rb8 23. Bxf6 gxf6 24. Nd4 Na6 25. Nc4 Nc5 26. Qc2 f5 27. Nxf5 Qf6 28. e5 dxe5 29. fxe5 Qg6 30. Rf3 1-0

[Event "XXVII. Rhein-Main-Open, Gruppe A"]
[Site "Bad Homburg vor der Höhe"]
[Date "2025.06.19"]
[Round "2.37"]
[White "Schmitt, Carsten"]
[Black "Nagel, Matthias"]
[Result "1-0"]
[WhiteElo "1917"]
[BlackElo "1838"]
[PlyCount "55"]
[GameId "535116227062"]
[EventDate "2025.06.18"]
[WhiteTeam "SV Bergwinkel"]
[BlackTeam "SV 1920 Kelsterbach"]

1. c4 b6 2. Nc3 Bb7 3. e4 c5 4. g3 g6 5. Bg2 Bg7 6. Nge2 e6 7. O-O Ne7 8. d4 cxd4 9. Nxd4 O-O 10. Ndb5 a6 11. Nd6 Bc6 12. Bf4 Nc8 13. Qd2 Qe7 14. Rfd1 Na7 15. b4 b5 16. a4 bxa4 17. Bg5 f6 18. Be3 Nc8 19. Bc5 Nxd6 20. Bxd6 Qf7 21. b5 Bb7 22. Nxa4 axb5 23. cxb5 f5 24. e5 Bxg2 25. Kxg2 f4 26. Qxf4 Qxf4 27. gxf4 Rxf4 28. Nb6 1-0

[Event "XXVII. Rhein-Main-Open, Gruppe A"]
[Site "Bad Homburg vor der Höhe"]
[Date "2025.06.19"]
[Round "2.38"]
[White "Held, Bernhard"]
[Black "Bezsonna, Polina"]
[Result "0-1"]
[WhiteElo "1842"]
[BlackElo "1972"]
[PlyCount "96"]
[GameId "535116227063"]
[EventDate "2025.06.18"]
[WhiteTeam "SK 1908 Göggingen"]
[BlackTeam "SK Bad Homburg 1927"]

1. d4 Nf6 2. c4 c5 3. d5 d6 4. Nc3 g6 5. e4 Bg7 6. h3 O-O 7. Nf3 e6 8. Bd3 exd5 9. exd5 Re8+ 10. Be3 a6 11. a4 Nbd7 12. O-O Rb8 13. Re1 Ne5 14. Nxe5 Rxe5 15. Bf4 Rxe1+ 16. Qxe1 Qf8 17. Qd2 Bd7 18. Re1 Nh5 19. Bg5 f6 20. Be3 f5 21. Bg5 Re8 22. Rxe8 Qxe8 23. a5 Qe5 24. Be2 f4 25. Bd8 Nf6 26. Bf3 Bf5 27. Kf1 Ne4 28. Nxe4 Bxe4 29. Bxe4 Qxe4 30. b3 Be5 31. Qd1 Kg7 32. Kg1 f3 33. g3 Qe2 34. Qf1 Qc2 35. h4 Kf8 36. Bg5 Qxb3 37. Qh3 Qb1+ 38. Kh2 Qf5 39. Qxf5+ gxf5 40. Bf4 h5 41. Bxe5 dxe5 42. Kg1 Ke7 43. Kf1 Kd6 44. Ke1 Kc7 45. Kd2 b6 46. axb6+ Kxb6 47. Kc3 a5 48. Kd3 e4+ 0-1

[Event "XXVII. Rhein-Main-Open, Gruppe A"]
[Site "Bad Homburg vor der Höhe"]
[Date "2025.06.19"]
[Round "2.39"]
[White "Moldenhauer, Lennart"]
[Black "Karaissaridis, Christos"]
[Result "0-1"]
[WhiteElo "1751"]
[BlackElo "1904"]
[PlyCount "192"]
[GameId "535116227064"]
[EventDate "2025.06.18"]
[WhiteTeam "SV Oberursel"]
[BlackTeam "SK 1947 Sandhausen e.V."]

1. e4 d6 2. d4 Nf6 3. Nc3 g6 4. Be2 Bg7 5. g4 d5 6. e5 Ne4 7. f4 e6 8. Nf3 c5 9. Nxe4 dxe4 10. Ng5 f5 11. dxc5 Qa5+ 12. c3 Qxc5 13. Qa4+ Nc6 14. Qc4 Qxc4 15. Bxc4 Nd8 16. Be3 h6 17. Nh3 Bd7 18. O-O-O Nc6 19. a3 O-O-O 20. b4 Bf8 21. Kb2 Be7 22. Rd2 Kb8 23. Rhd1 Bc8 24. Rxd8 Rxd8 25. Rxd8 Nxd8 26. Bb5 Nc6 27. gxf5 gxf5 28. Ng1 Bd7 29. Bc4 b6 30. Ne2 Nd8 31. Nd4 Kb7 32. Bb3 b5 33. c4 bxc4 34. Bxc4 h5 35. Nb3 Nc6 36. Nc5+ Bxc5 37. Bxc5 Nd8 38. Be7 Nc6 39. Bc5 Nb8 40. Be2 Be8 41. Bc4 Bf7 42. Kc3 Nd7 43. Be3 Nb6 44. Bxb6 Kxb6 45. Kd4 h4 46. a4 Kc6 47. a5 h3 48. b5+ Kd7 49. Be2 Kc7 50. Kc5 Be8 51. b6+ axb6+ 52. axb6+ Kb7 53. Kd6 Kxb6 54. Kxe6 Bb5 55. Bh5 e3 56. Kxf5 e2 57. Bxe2 Bxe2 58. Kf6 Kc7 59. f5 Kd8 60. Kg7 Ke8 61. Kf6 Bd3 62. Ke6 Bc4+ 63. Kd6 Bd3 64. Ke6 Bc4+ 65. Kf6 Kf8 66. e6 Bb3 67. Ke5 Ke7 68. f6+ Kf8 69. Kd6 Ba4 70. Ke5 Bb5 71. Kf5 Bc4 72. Ke5 Kg8 73. f7+ Kg7 74. Kd6 Kf8 75. Kd7 Bb5+ 76. Kd6 Ba4 77. Ke5 Ke7 78. Kf5 Bb3 79. Ke5 Ba2 80. Kf4 Bxe6 81. Kg3 Kxf7 82. Kf4 Kf6 83. Kg3 Ke5 84. Kf3 Kd4 85. Kf4 Kd3 86. Kf3 Kd2 87. Kf2 Bc4 88. Kf3 Ke1 89. Kg3 Bf1 90. Kf3 Bg2+ 91. Kg3 Kf1 92. Kh4 Kg1 93. Kg3 Bf1 94. Kf3 Kxh2 95. Kf2 Bg2 96. Ke2 Kg3 0-1

[Event "XXVII. Rhein-Main-Open, Gruppe A"]
[Site "Bad Homburg vor der Höhe"]
[Date "2025.06.19"]
[Round "2.41"]
[White "Varma, Christopher"]
[Black "Kupke, Jonas"]
[Result "0-1"]
[WhiteElo "1924"]
[BlackElo "1807"]
[PlyCount "62"]
[GameId "535116227066"]
[EventDate "2025.06.18"]
[WhiteTeam "SV Oberursel"]
[BlackTeam "Wiesbadener SV 1885"]

1. b3 e5 2. Bb2 Nc6 3. e3 d5 4. Bb5 Nge7 5. Bxe5 a6 6. Bxc6+ Nxc6 7. Bg3 h5 8. h4 Bg4 9. f3 Bf5 10. Ne2 Qf6 11. Nbc3 O-O-O 12. O-O Bc5 13. Na4 Bd6 14. Qe1 Bxc2 15. Bxd6 Rxd6 16. Qg3 d4 17. e4 Qd8 18. Rfc1 d3 19. Nec3 Nd4 20. Re1 g5 21. Qxg5 Nxf3+ 22. gxf3 Rg6 23. f4 Qd7 24. f5 Rxg5+ 25. hxg5 Rg8 26. Kf2 Qd4+ 27. Kf3 Rxg5 28. Rh1 b5 29. Nb2 a5 30. Rh4 Qe5 31. Rf4 h4 0-1

[Event "XXVII. Rhein-Main-Open, Gruppe A"]
[Site "Bad Homburg vor der Höhe"]
[Date "2025.06.19"]
[Round "2.43"]
[White "Liu, Jonas"]
[Black "Ploder, Udo"]
[Result "1/2-1/2"]
[WhiteElo "1645"]
[BlackElo "1884"]
[PlyCount "99"]
[GameId "535116227068"]
[EventDate "2025.06.18"]
[WhiteTeam "SV Oberursel"]
[BlackTeam "SF Braunfels"]

1. e4 e5 2. Nf3 Nc6 3. Bc4 Nf6 4. d3 h6 5. c3 d6 6. O-O g5 7. Re1 Bg7 8. d4 O-O 9. dxe5 Nxe5 10. Nxe5 dxe5 11. Qxd8 Rxd8 12. f3 a6 13. a4 Bd7 14. a5 Be8 15. Be3 Bf8 16. Nd2 Bc5 17. Bxc5 Rxd2 18. Re2 Rd7 19. Kf2 Nh5 20. g3 Ng7 21. b4 Ne6 22. Be3 Rd6 23. Bd5 c6 24. Bb3 Rd3 25. Rc1 Nc7 26. Bc4 Rd7 27. Rd2 Rad8 28. Rcd1 Rxd2+ 29. Rxd2 Rxd2+ 30. Bxd2 Bd7 31. Ke2 Kg7 32. Kd3 f6 33. Bb3 Be6 34. Bxe6 Nxe6 35. Kc4 Kf7 36. Be3 Ke7 37. Kb3 Kd6 38. Ka4 Kd7 39. c4 Kd6 40. Kb3 Kd7 41. Kc3 Kd6 42. Kd3 Kd7 43. Bd2 Ke7 44. Bc3 Kf7 45. Ke2 Kg6 46. Ke3 Kf7 47. Kf2 Kg6 48. g4 Kf7 49. Kg3 Nf4 50. Kf2 1/2-1/2

[Event "XXVII. Rhein-Main-Open, Gruppe A"]
[Site "Bad Homburg vor der Höhe"]
[Date "2025.06.19"]
[Round "2.44"]
[White "Gärtner, Johannes"]
[Black "Dornblüth, Christian"]
[Result "0-1"]
[WhiteElo "1735"]
[BlackElo "1945"]
[PlyCount "66"]
[GameId "535116227069"]
[EventDate "2025.06.18"]
[WhiteTeam "Sfr.Mainz 1928"]
[BlackTeam "SF Heidelberg"]

1. e4 c5 2. Nf3 d6 3. d4 cxd4 4. Nxd4 Nf6 5. f3 e5 6. Nb5 a6 7. N5a3 d5 8. exd5 Qxd5 9. Qxd5 Nxd5 10. Nc4 Nc6 11. c3 Be6 12. Nba3 Rc8 13. Nc2 Be7 14. Be2 O-O 15. O-O b5 16. N4e3 Nf4 17. Re1 Rfd8 18. a4 Nxe2+ 19. Rxe2 b4 20. Bd2 bxc3 21. Bxc3 Nd4 22. Rd2 Rxc3 23. bxc3 Nxf3+ 24. gxf3 Rxd2 25. Rb1 g6 26. Kf1 Bh4 27. Rb8+ Kg7 28. c4 Bh3+ 29. Kg1 Bf2+ 30. Kh1 Bxe3 31. Nxe3 Re2 32. c5 Re1+ 33. Nf1 Rxf1# 0-1